000 00765nam a2200205Ii 4500
003 JO-AjNU
008 230605s9999||||xx |||||||||||||| ||und||
040 _aJO-AjNU
_bara
_erda
_cJO-AjNU
041 _aara
050 1 4 _aGN25.G3578 1989
100 3 _aتاليف غامري، محمد حسن,
_eauthor
_916600
245 0 0 _aدليل البحث الأنثروبولوجي في المجتمع البدوي
264 3 1 _aالاسكندرية: المكتب الجامعي الحديث، 1989
300 _a86ص
336 _atext
_btxt
_2rdacontent
337 _aunmediated
_bn
_2rdamedia
338 _avolume
_bnc
_2rdacarrier
490 0 _aسلسلة بن باديس الانثروبولوجية
650 4 _aعلم الانسان-المجتمع البدوي
_916601
999 _aA4957
_c8525
_d8525